000 01490cam a2200457 4500
003 PE-LiUPU
005 20250731173554.0
020 _a8479142618
035 _a(Sirsi) i9788479142612
035 _a(Sirsi) 20562
035 _a(Sirsi) 20562
041 _aes
044 _aes
082 0 4 _a236.07
_bR94
100 1 _aRuiz de la Peña Solar, Juan Luis
245 1 3 _aLa pascua de la creación :
_bescatología /
_cpor Juan Luis Ruiz de la Peña.
264 1 _aMadrid :
_bBiblioteca de Autores Cristianos,
_c1996
300 _a298 páginas ;
_c22 cm.
490 0 _aSapientia Fidei. Serie de Manuales de Teología
_v16
504 _aBibliografía al pie de páginas.
505 0 _aCapítulo introductorio: Del futuro utópico a la esperanza escatológica -- Escatología bíblica -- Escatología sistemática.
526 _aSEG42
526 _aSEG41
526 _aSEG40
526 _aSEG39
526 _aP94
526 _aP87
526 _aP86
526 _aP85
526 _aP77
526 _aP76
526 _aP35
650 1 4 _aEscatología.
_95923
942 _2ddc
_cBOOK
949 _a236.07 R94
_i43467
_lPOSTGRADO
_mBUL
_tLIBRO
_o.STAFF. Posgrado
859 _q43467
_h236.07
_iR94
910 _aaj-em
596 _a1
999 _a236.07 R94
_wDEWEY
_c61438
_i43467
_f2021-11-10
_g5
_lCCODEBUL1
_mBUL
_r0
_sY
_tBOOK
_u2015-6-16
_xTEOLOGIA
_zUNKNOWN
_0COMPRA
_o.STAFF. Colección General
_d61438
980 _81
_gALBERTO SANCHEZ Responsable de Automatización